| 000 | 01742nam a2200289Ia 4500 | ||
|---|---|---|---|
| 001 | 94606 | ||
| 003 | IT-RoPAU | ||
| 008 | 130308s9999 xx 000 0 und d | ||
| 040 | _aIT-RoPAU | ||
| 040 | _cIT-RoPAU | ||
| 041 | _aITALIANO | ||
| 100 | _aPasculli Ettore | ||
| 100 | _gCodice Aut. SPICS: 33095 | ||
| 245 | _aCinema dell'ingegno (Il)-Narrazione, immagine, tecnologia | ||
| 245 | _bCinema dell'ingegno (Il)-Narrazione, Immagine, Tecnologia | ||
| 250 | _a1a ed. | ||
| 260 | _aMILANO | ||
| 260 | _bMazzotta | ||
| 260 | _c1990 [1° Ed.:1990 - Ed.Ling.Originale:1990] | ||
| 300 | _a"292 p. (prefazione: no ; testo: 292 [pagine: 0-0])" | ||
| 500 | _aArte dell'illusione Tecnica ed Effetti Speciali dal Cinematographe Lumiere Agli Anni sessanta Specchio magico e Obiettivo cinepresa colore pellicola Suono Arte dell'innovazione Effetti Speciali Elaborazioni con Processi Ottici da 2001 Odissea Nello Spazio a Guerre Stellari vari Esempi Effetti Speciali Special Makeup e Creature Live Action e cartoons Arte della Simulazionepremessa Storica Sul Rapporto tra Cinema e immagine Elettronica Cinema Elettronico e Alta Definizione Postproduzione Elettronica e manipolazione dell'Immagine Alta Definizione del Cinema Grandi schermi e Nuovi formati Cinema Tridimensionale e Olografia Computer Graphic e immagini di sintesi Percorso dell'innovazione Glossario degli Effetti Speciali e delle tecnologie Avanzate di ripresa Maestri degli Fx e Società per la Produzione di Effetti Speciali Filmografia dei Film che Hanno Utilizzato Effetti Speciali e nuove tecnologie dal 1968 al 1989 Bibliografia Selezionata | ||
| 650 | _aSTORIA DEL CINEMA | ||
| 650 | _eCodice materia Spics: 6808 | ||
| 942 | _cBK | ||
| 957 | _71 | ||
| 999 |
_c93213 _d93213 |
||
| 999 | _g1 | ||